| 000 | 00601nam a2200217Ia 4500 | ||
|---|---|---|---|
| 005 | 20250923145028.0 | ||
| 008 | 008 250917s9999 xx 000 0 eng d | ||
| 037 | _aTextual | ||
| 040 |
_aDSWL _beng _cDSWL |
||
| 041 |
_aeng _2eng |
||
| 084 |
_aX:9(D6,78), N56 _qDSWL |
||
| 100 |
_aMann, F.C. _9831040 |
||
| 245 | 0 |
_aAutomation and the worker _cby F.C. Mann |
|
| 260 |
_aNew York _b Holt & Co _c1960 |
||
| 300 | _ax,310 p. | ||
| 365 |
_aUSD _b5.95 |
||
| 700 |
_aL.R. Hooffman _9831041 |
||
| 925 | _g5.95 | ||
| 942 |
_cTEXL _hX:9(D6,78), N56 |
||
| 999 |
_c1446226 _d1446226 |
||